00934 a2200217 4500003000500000005001700005010001600022020002400038040000900062082001500071245021900086250001200305260003400317300002400351505016000375650002300535650005500558650004700613700002200660700003400682Nust20230119103819.0 a 91035693 a0385422814 (hard) : cNust00a355.33,ELS00aBut was it just? : bReflections on the morality of the Persian Gulf War / cJean Bethke Elshtain ... [et al.] ; with an appendix from La Civiltᡠcattolica translated by Peter Heinegg ; edited by David E. DeCosse. a1st ed. aNew York :bDoubleday,c1992. ax, 132 p. ;c22 cm. aJustice and Injustice in the Gulf War (Page-1), From Last Resort to Endgame (Page-19), Just War Be Just (Page-61), Whose Just War Which Peace (Page-83).  0aJust war doctrine. 0aPersian Gulf War, 1991xMoral and ethical aspects. 0aPersian Gulf War, 1991xReligious aspects.1 aDeCosse, David E.1 aElshtain, Jean Bethke,d1941-